[Event "Hanoi (Women) op 12"]
[Site "Hanoi"]
[Date "2022.??.??"]
[Round "6"]
[White "Cao, Minh Trang"]
[Black "Doan, Thi Van Anh"]
[Result "1/2-1/2"]
[WhiteElo "1776"]
[BlackElo "1948"]
[PlyCount "97"]
[EventDate "2022.12.11"]
[EventType "swiss"]
[EventRounds "9"]
[EventCountry "VIE"]
[SourceTitle "CBM 211 Extra"]
[Source "ChessBase"]
[SourceDate "2023.01.31"]
[SourceVersion "1"]
[SourceVersionDate "2023.01.31"]
[SourceQuality "1"]

1. e4 c6 2. d4 d5 3. e5 Bf5 4. Nf3 e6 5. Be2 h6 6. 0-0 Be7 7. b3 g5 8. c4 g4 9. Ne1 h5 10. Nc3 Nh6 11. Be3 Bg5 12. Qd2 Rg8 13. Rc1 h4 14. cxd5 exd5 15. Nd3 Nd7 16. Nf4 Be6 17. Bd3 Bxf4 18. Bxf4 Nf5 19. Bxf5 Bxf5 20. Ne2 Nf8 21. Rc3 Ne6 22. f3 gxf3 23. Rcxf3 Be4 24. R3f2 Qb6 25. h3 0-0-0 26. Kh2 Rg7 27. Be3 Rdg8 28. Rg1 Qc7 29. Nc3 f5 30. Nxe4 fxe4 31. Rf6 Qe7 32. Qf2 Rg3 33. Qf5 Rxe3 34. Rxe6 Qd7 35. Qf6 Kb8 36. Qh6 Rd3 37. Rf1 Qc8 38. Rg6 Rh8 39. Qg5 a6 40. Rf7 Rg3 41. Qf6 Rxg6 42. Qxg6 Rg8 43. Qd6+ Ka8 44. e6 Ka7 45. Qc5+ Ka8 46. e7 Rxg2+ 47. Kxg2 Qg8+ 48. Kh1 Qxf7 49. Qd6 1/2-1/2

[Event "Hanoi op"]
[Site "Hanoi"]
[Date "2019.02.23"]
[Round "3"]
[White "Cao, Minh Trang"]
[Black "Tran, Ngoc Lan"]
[Result "1-0"]
[WhiteElo "1713"]
[BlackElo "2250"]
[PlyCount "127"]
[EventDate "2019.02.22"]
[EventType "swiss"]
[EventRounds "9"]
[EventCountry "VIE"]
[SourceTitle "EXT 2021"]
[Source "ChessBase"]
[SourceDate "2020.10.23"]
[SourceVersion "1"]
[SourceVersionDate "2020.10.23"]
[SourceQuality "1"]

1. d4 d5 2. Nf3 c5 3. c3 Nf6 4. Bf4 Nc6 5. e3 Qb6 6. Qc2 cxd4 7. exd4 Bg4 8. Nbd2 e6 9. Bd3 Nh5 10. Bg3 Bxf3 11. Nxf3 g6 12. Qd2 Nxg3 13. hxg3 Bg7 14. 0-0 0-0 15. Rfe1 Rab8 16. Re2 Qc7 17. g4 b5 18. Rc1 Rfc8 19. Bb1 Na5 20. g3 b4 21. Kg2 Nc4 22. Qd3 bxc3 23. Rxc3 Qb7 24. Rb3 Qe7 25. g5 Qd6 26. Rxb8 Qxb8 27. b3 Na3 28. Re1 Qb6 29. Qd2 Rc7 30. Rh1 Nb5 31. Rh4 Nc3 32. Rh1 Qd6 33. Re1 Qa3 34. Qf4 Rb7 35. Ne5 Qd6 36. Rc1 Rc7 37. Rxc3 Rxc3 38. Qxf7+ Kh8 39. Qe8+ Qf8 40. Qxe6 Bxe5 41. Qxe5+ Kg8 42. Qxd5+ Qf7 43. Qd8+ Kg7 44. Be4 Rc7 45. Qd6 Qe7 46. Qf4 Rd7 47. d5 Qd6 48. Qxd6 Rxd6 49. Kf3 Ra6 50. Bb1 Kf7 51. Ke4 Ke7 52. Ke5 Ra5 53. f4 Rc5 54. f5 Rc3 55. g4 Rg3 56. d6+ Kf7 57. Kf4 Rg1 58. Bd3 Rd1 59. Bb5 Kf8 60. Ke5 a5 61. a4 Rg1 62. f6 Rd1 63. Ke6 Re1+ 64. Kd7 1-0

[Event "VIE-chB (Women)"]
[Site "Ba Dinh"]
[Date "2018.12.04"]
[Round "9"]
[White "Hoang, Thi Hai Anh"]
[Black "Cao, Minh Trang"]
[Result "1/2-1/2"]
[WhiteElo "1885"]
[BlackElo "1713"]
[PlyCount "24"]
[EventDate "2018.11.28"]
[EventType "swiss"]
[EventRounds "9"]
[EventCountry "VIE"]
[SourceTitle "EXT 2021"]
[Source "ChessBase"]
[SourceDate "2020.10.23"]
[SourceVersion "1"]
[SourceVersionDate "2020.10.23"]
[SourceQuality "1"]

1. d4 d5 2. c4 c6 3. e3 Nf6 4. Nf3 Bf5 5. Bd3 Bxd3 6. Qxd3 dxc4 7. Qxc4 e6 8. 0-0 Be7 9. Nc3 0-0 10. b3 Nbd7 11. Bb2 Rc8 12. Rfd1 Qa5 1/2-1/2

[Event "VIE-chB (Women)"]
[Site "Ba Dinh"]
[Date "2018.12.02"]
[Round "7"]
[White "Bui, Kim Le"]
[Black "Cao, Minh Trang"]
[Result "1-0"]
[WhiteElo "2022"]
[BlackElo "1713"]
[PlyCount "107"]
[EventDate "2018.11.28"]
[EventType "swiss"]
[EventRounds "9"]
[EventCountry "VIE"]
[SourceTitle "EXT 2021"]
[Source "ChessBase"]
[SourceDate "2020.10.23"]
[SourceVersion "1"]
[SourceVersionDate "2020.10.23"]
[SourceQuality "1"]

1. e4 c5 2. Nf3 d6 3. d4 cxd4 4. Nxd4 g6 5. c4 Bg7 6. Nc3 Nc6 7. Be3 Nf6 8. Be2 0-0 9. 0-0 a6 10. f3 Bd7 11. Qd2 Rc8 12. Rac1 Ne5 13. b3 Bc6 14. Rfd1 Ned7 15. Kh1 Re8 16. a4 Nc5 17. b4 Bxa4 18. Nxa4 Nxa4 19. Qa2 Nb6 20. c5 Na8 21. c6 e5 22. cxb7 Rxc1 23. Rxc1 exd4 24. Rc8 Qd7 25. Bxa6 Nb6 26. b8Q Nxc8 27. Bb5 dxe3 28. Bxd7 Nxd7 29. Qb5 Ncb6 30. Kg1 Rc8 31. Kf1 Bc3 32. Qc2 Kf8 33. Qbd3 Bxb4 34. Qxc8+ Nxc8 35. Qb5 Bc5 36. Qxd7 Nb6 37. Qb5 f6 38. Qa6 h5 39. g3 Ke7 40. Qb7+ Nd7 41. Ke2 Ke6 42. Qd5+ Ke7 43. Qg8 Ne5 44. Qg7+ Ke6 45. f4 Nc6 46. Qxg6 Ne7 47. Qxh5 d5 48. g4 Bd4 49. Kd3 Bc5 50. e5 Nc6 51. Qf5+ Ke7 52. exf6+ Kd6 53. f7 Nb4+ 54. Ke2 1-0

[Event "VIE-chB (Women)"]
[Site "Ba Dinh"]
[Date "2018.11.29"]
[Round "3"]
[White "Le, La Tra My"]
[Black "Cao, Minh Trang"]
[Result "0-1"]
[WhiteElo "1889"]
[BlackElo "1713"]
[PlyCount "84"]
[EventDate "2018.11.28"]
[EventType "swiss"]
[EventRounds "9"]
[EventCountry "VIE"]
[SourceTitle "EXT 2021"]
[Source "ChessBase"]
[SourceDate "2020.10.23"]
[SourceVersion "1"]
[SourceVersionDate "2020.10.23"]
[SourceQuality "1"]

1. d4 d5 2. c4 e6 3. g3 Nf6 4. Bg2 c6 5. Nf3 Bd6 6. 0-0 0-0 7. b3 Nbd7 8. Bb2 Ne4 9. Nbd2 f5 10. e3 Qe8 11. Ne5 Rf6 12. c5 Bc7 13. b4 Rh6 14. Nb3 g5 15. Bxe4 dxe4 16. f3 exf3 17. Qxf3 Nf6 18. Nd2 b6 19. Rae1 Ba6 20. Nec4 Ne4 21. Qe2 Nxd2 22. Qxd2 Bxc4 23. Rf2 Rg6 24. e4 Qd7 25. d5 cxd5 26. exf5 exf5 27. Qd4 Kf7 28. c6 Qc8 29. b5 Bd6 30. Qd2 Bc5 31. Bd4 Bxd4 32. Qxd4 Rf6 33. Qe5 Kg6 34. a4 a6 35. Qe7 axb5 36. axb5 Bxb5 37. c7 Ra7 38. Rc1 Bc6 39. Qb4 Qxc7 40. Rcc2 Qd7 41. Qxb6 Ba4 42. Qb8 Bxc2 0-1

[Event "VIE-chB (Women)"]
[Site "Ba Dinh"]
[Date "2018.11.28"]
[Round "2"]
[White "Cao, Minh Trang"]
[Black "Chau, Thi Ngoc Giao"]
[Result "0-1"]
[WhiteElo "1713"]
[BlackElo "2137"]
[PlyCount "118"]
[EventDate "2018.11.28"]
[EventType "swiss"]
[EventRounds "9"]
[EventCountry "VIE"]
[SourceTitle "EXT 2021"]
[Source "ChessBase"]
[SourceDate "2020.10.23"]
[SourceVersion "1"]
[SourceVersionDate "2020.10.23"]
[SourceQuality "1"]

1. d4 d5 2. Nf3 Nf6 3. Bf4 e6 4. e3 c6 5. Bd3 Qb6 6. Qc1 Nbd7 7. Nbd2 c5 8. c3 Be7 9. h3 0-0 10. 0-0 a6 11. Ne5 Nxe5 12. dxe5 Nh5 13. Bh2 g6 14. c4 Qc6 15. a4 b6 16. Be2 Ng7 17. Bf3 Bb7 18. Rd1 Rfd8 19. b3 Nf5 20. Qc2 Nh4 21. Bf4 Nxf3+ 22. Nxf3 b5 23. cxb5 axb5 24. Ra2 Kg7 25. Rc1 Rdc8 26. Qd1 Qb6 27. Rb1 h6 28. Nh2 Bc6 29. Ng4 h5 30. Nf6 Qb7 31. a5 Ra6 32. Qf3 Rh8 33. Qg3 Bd8 34. Rba1 b4 35. Qg5 Qa8 36. g4 hxg4 37. Qxg4 c4 38. h4 cxb3 39. Rb2 Rxa5 40. Rxa5 Qxa5 41. Rxb3 Qa1+ 42. Kg2 Bxf6 43. exf6+ Qxf6 44. Qg5 Rh5 45. Qxf6+ Kxf6 46. Rxb4 e5 47. Bg5+ Ke6 48. Rb6 Kd6 49. Rb8 Ke6 50. Rb6 Kd6 51. Rb8 d4+ 52. Kf1 dxe3 53. f4 exf4 54. Bxf4+ Kd5 55. Bg3 Ke4 56. Rb4+ Kf3 57. Bc7 Be4 58. Rb6 Rc5 59. Rf6+ Bf5 0-1

[Event "VIE-chT (Women)"]
[Site "Ho Chi Minh City"]
[Date "2017.07.26"]
[Round "4.5"]
[White "Chau, Thi Ngoc Giao"]
[Black "Cao, Minh Trang"]
[Result "1-0"]
[WhiteElo "2137"]
[BlackElo "1713"]
[PlyCount "97"]
[EventDate "2017.07.24"]
[EventType "team-swiss"]
[EventRounds "9"]
[EventCountry "VIE"]
[SourceTitle "EXT 2019"]
[Source "ChessBase"]
[SourceDate "2018.10.10"]
[SourceVersion "1"]
[SourceVersionDate "2018.10.10"]
[SourceQuality "1"]

1. d4 d5 2. Nf3 Nf6 3. c4 c6 4. Nc3 dxc4 5. a4 Bf5 6. e3 e6 7. Bxc4 Be7 8. 0-0 0-0 9. h3 Nbd7 10. Qe2 Nb6 11. Bb3 Ne4 12. Nd2 Nxd2 13. Bxd2 Bg6 14. Rfd1 Bf6 15. a5 Nd7 16. Na4 Qe7 17. Qc4 Rfd8 18. Bb4 Qe8 19. Qe2 Be7 20. Nc5 Nf6 21. Qe1 Rab8 22. a6 b6 23. Nb7 Rd7 24. Bxe7 Qxe7 25. Rac1 Rc7 26. Ba4 Rbc8 27. b4 h6 28. b5 cxb5 29. Bxb5 Qa3 30. Rxc7 Rxc7 31. Be2 Ne4 32. Ra1 Qb2 33. f3 Rc2 34. Bf1 Nd2 35. Rd1 Nxf1 36. Qxf1 Rd2 37. Rxd2 Qxd2 38. e4 Qxd4+ 39. Kh1 f5 40. exf5 Bxf5 41. Qb5 Kh7 42. Qe8 Qa1+ 43. Kh2 Qxa6 44. Nd6 Qa1 45. Nf7 Qf6 46. g4 Bd3 47. Kg3 Be2 48. f4 Bb5 49. Qh8+ 1-0

[Event "VIE-ch (Women)"]
[Site "Bac Giang"]
[Date "2016.06.26"]
[Round "6"]
[White "Cao, Minh Trang"]
[Black "Tan, Huynh Thanh Truc"]
[Result "1/2-1/2"]
[WhiteElo "1863"]
[BlackElo "1774"]
[PlyCount "71"]
[EventDate "2016.06.22"]
[EventType "swiss"]
[EventRounds "9"]
[EventCountry "VIE"]
[SourceTitle "EXT 2017"]
[Source "ChessBase"]
[SourceDate "2016.10.25"]
[SourceVersion "1"]
[SourceVersionDate "2016.10.25"]
[SourceQuality "1"]

1. d4 Nf6 2. c4 e6 3. Nc3 Bb4 4. Qc2 d5 5. e3 0-0 6. Nf3 c5 7. Be2 Nc6 8. 0-0 cxd4 9. exd4 dxc4 10. Rd1 Bxc3 11. Qxc3 Na5 12. Ne5 b6 13. Bf3 Nd5 14. Qa3 Bb7 15. Bd2 Nc6 16. Nxc6 Bxc6 17. Rac1 b5 18. b3 b4 19. Qa6 c3 20. Qxc6 Rc8 21. Qa4 cxd2 22. Rxc8 Qxc8 23. Bxd5 exd5 24. Qxb4 Qc2 25. Qxd2 Rc8 26. Qxc2 Rxc2 27. g3 g6 28. a4 Rc3 29. Rb1 Rd3 30. b4 Rxd4 31. a5 a6 32. b5 axb5 33. Rxb5 Rd1+ 34. Kg2 d4 35. a6 Ra1 36. Rd5 1/2-1/2

[Event "VIE-ch (Women)"]
[Site "Bac Giang"]
[Date "2016.06.26"]
[Round "7"]
[White "Nguyen, Hong Ngoc"]
[Black "Cao, Minh Trang"]
[Result "1-0"]
[WhiteElo "1807"]
[BlackElo "1863"]
[PlyCount "121"]
[EventDate "2016.06.22"]
[EventType "swiss"]
[EventRounds "9"]
[EventCountry "VIE"]
[SourceTitle "EXT 2017"]
[Source "ChessBase"]
[SourceDate "2016.10.25"]
[SourceVersion "1"]
[SourceVersionDate "2016.10.25"]
[SourceQuality "1"]

1. e4 c5 2. Nc3 Nc6 3. f4 d6 4. Nf3 g6 5. Be2 Bg7 6. 0-0 Nf6 7. d3 0-0 8. Nh4 e6 9. Qe1 Nd4 10. Bd1 Ne8 11. Ne2 f5 12. c3 Nc6 13. Bb3 Kh8 14. Nf3 Na5 15. Bc2 Nf6 16. e5 Nd5 17. a3 b6 18. b4 Nb7 19. c4 Nc7 20. d4 d5 21. cxd5 Nxd5 22. Bb3 a5 23. bxc5 bxc5 24. Nc3 Nb6 25. Be3 c4 26. Ba4 Nxa4 27. Nxa4 Bd7 28. Nc5 Nxc5 29. dxc5 Bc6 30. Qc3 Bd5 31. Nd2 Qc7 32. Nxc4 Rfb8 33. Rab1 Be4 34. Rxb8+ Rxb8 35. Qxa5 Qxa5 36. Nxa5 Rb2 37. Bf2 Bf8 38. Rc1 Rb5 39. c6 Rxa5 40. c7 Bb7 41. c8Q Bxc8 42. Rxc8 Kg7 43. Be1 Rxa3 44. Rxf8 Ra1 45. Rf6 Rxe1+ 46. Kf2 Re4 47. Kf3 g5 48. g3 g4+ 49. Kf2 Rb4 50. Rxe6 Rb2+ 51. Ke3 Rxh2 52. Rf6 Rg2 53. Rxf5 Rxg3+ 54. Ke4 Rg1 55. Rg5+ Kf8 56. Kf5 g3 57. Kf6 g2 58. e6 Re1 59. Rxg2 Re4 60. e7+ Rxe7 61. Rg8+ 1-0

[Event "VIE-chT (Women)"]
[Site "Ho Chi Minh City"]
[Date "2015.07.18"]
[Round "3.8"]
[White "Cao, Minh Trang"]
[Black "Hoang, Thi Hai Anh"]
[Result "0-1"]
[WhiteElo "1713"]
[BlackElo "1917"]
[PlyCount "98"]
[EventDate "2015.07.16"]
[EventType "team-swiss"]
[EventRounds "9"]
[EventCountry "VIE"]
[SourceTitle "EXT 2016"]
[Source "ChessBase"]
[SourceDate "2015.10.08"]
[SourceVersion "1"]
[SourceVersionDate "2015.10.08"]
[SourceQuality "1"]

1. d4 Nf6 2. c4 e6 3. Nc3 Bb4 4. Qc2 c5 5. dxc5 Bxc5 6. Nf3 b6 7. e3 Bb7 8. Be2 0-0 9. 0-0 Qe7 10. b3 d5 11. cxd5 Nxd5 12. Bb2 Nd7 13. Bd3 h6 14. Nxd5 Bxd5 15. Qe2 Nf6 16. Rac1 Rfd8 17. Rfd1 Ne4 18. Bc4 Bb7 19. h3 Ba3 20. Bxa3 Qxa3 21. Nd4 Qa5 22. Rd3 Qg5 23. f3 Nc5 24. Rdc3 a6 25. Qf2 e5 26. Nc2 Rac8 27. a4 b5 28. axb5 axb5 29. Bxb5 Ne4 30. fxe4 Rxc3 31. Bc4 Bxe4 32. Qxf7+ Kh7 33. Qf2 Kh8 34. Bf1 Bxc2 35. Rxc2 Rxb3 36. Re2 Rb1 37. Kh2 Qf6 38. Qxf6 gxf6 39. Rf2 Kg7 40. Kg3 Rdd1 41. Bc4 Rbc1 42. Bb5 Re1 43. Kf3 Rc3 44. Re2 Rxe2 45. Bxe2 f5 46. g4 f4 47. Bb5 Rxe3+ 48. Kg2 Kf6 49. Bc6 Kg5 0-1

[Event "VIE-chT (Women)"]
[Site "Ho Chi Minh City"]
[Date "2015.07.17"]
[Round "2.9"]
[White "Cao, Minh Trang"]
[Black "Tran, Thi Kim Loan"]
[Result "1/2-1/2"]
[WhiteElo "1713"]
[BlackElo "2010"]
[PlyCount "25"]
[EventDate "2015.07.16"]
[EventType "team-swiss"]
[EventRounds "9"]
[EventCountry "VIE"]
[SourceTitle "EXT 2016"]
[Source "ChessBase"]
[SourceDate "2015.10.08"]
[SourceVersion "1"]
[SourceVersionDate "2015.10.08"]
[SourceQuality "1"]

1. d4 d5 2. c4 c6 3. Nf3 Nf6 4. Nc3 e6 5. e3 Nbd7 6. Be2 Be7 7. 0-0 0-0 8. b3 Qc7 9. Bb2 dxc4 10. Bxc4 e5 11. h3 exd4 12. Nxd4 Ne5 13. Be2 1/2-1/2

[Event "VIE-ch U15 Girls"]
[Site "Ho Chi Minh City"]
[Date "2014.07.17"]
[Round "8"]
[White "Cao, Minh Trang"]
[Black "Vu Thi Dieu, Uyen"]
[Result "1-0"]
[WhiteElo "1713"]
[BlackElo "1691"]
[PlyCount "75"]
[EventDate "2014.07.13"]
[EventType "swiss"]
[EventRounds "9"]
[EventCountry "VIE"]
[SourceTitle "EXT 2016"]
[Source "ChessBase"]
[SourceDate "2015.10.08"]
[SourceVersion "1"]
[SourceVersionDate "2015.10.08"]
[SourceQuality "1"]

1. d4 Nf6 2. c4 e6 3. Nc3 Bb4 4. Qc2 b6 5. Nf3 Bb7 6. e3 Ne4 7. Bd3 f5 8. 0-0 Bxc3 9. bxc3 0-0 10. Nd2 Qh4 11. g3 Ng5 12. f3 Qh5 13. Be2 Nh3+ 14. Kg2 d6 15. c5 Ng5 16. Ba3 Rd8 17. cxd6 cxd6 18. Nc4 Nf7 19. e4 fxe4 20. fxe4 Qg6 21. Bd3 d5 22. Rxf7 Qxf7 23. Nd6 Rxd6 24. Bxd6 Nd7 25. e5 g6 26. Rf1 Qg7 27. Qa4 a6 28. Qd1 Rc8 29. Qg4 Re8 30. h4 Bc8 31. Qg5 Nf8 32. Rf6 Nd7 33. Rf4 Nf8 34. h5 gxh5 35. Qxh5 Ng6 36. Rg4 Kf7 37. Qg5 Rg8 38. Bxg6+ 1-0

[Event "VIE-ch U15 Girls"]
[Site "Ho Chi Minh City"]
[Date "2014.07.15"]
[Round "4"]
[White "Huynh, Thu Truc"]
[Black "Cao, Minh Trang"]
[Result "0-1"]
[WhiteElo "1889"]
[BlackElo "1713"]
[PlyCount "72"]
[EventDate "2014.07.13"]
[EventType "swiss"]
[EventRounds "9"]
[EventCountry "VIE"]
[SourceTitle "EXT 2016"]
[Source "ChessBase"]
[SourceDate "2015.10.08"]
[SourceVersion "1"]
[SourceVersionDate "2015.10.08"]
[SourceQuality "1"]

1. e4 e6 2. d4 d5 3. exd5 exd5 4. Bf4 Bd6 5. Bxd6 Qxd6 6. c3 Nc6 7. Nf3 Bg4 8. Nbd2 0-0-0 9. Be2 Nf6 10. 0-0 Kb8 11. h3 Bc8 12. Bb5 Nh5 13. Bxc6 bxc6 14. Ne5 Nf4 15. Qf3 Qf6 16. Nxc6+ Qxc6 17. Qxf4 f6 18. Rfe1 g5 19. Qg3 h5 20. Rac1 h4 21. Qd3 g4 22. hxg4 Bxg4 23. Nf1 Bc8 24. c4 h3 25. g3 dxc4 26. Qe4 Qb5 27. Kh2 Bb7 28. Qf4 Qb4 29. a3 Qa5 30. Ne3 Rhe8 31. b4 cxb3 32. Red1 Rd7 33. Ng4 Qd5 34. Ne3 Rxe3 35. Rg1 Rf3 36. Qd2 Qxd4 0-1

[Event "VIE-ch U15 Girls"]
[Site "Ho Chi Minh City"]
[Date "2014.07.14"]
[Round "3"]
[White "Cao, Minh Trang"]
[Black "Pham, Thanh Phuong Thao"]
[Result "1/2-1/2"]
[WhiteElo "1713"]
[BlackElo "1679"]
[PlyCount "21"]
[EventDate "2014.07.13"]
[EventType "swiss"]
[EventRounds "9"]
[EventCountry "VIE"]
[SourceTitle "EXT 2016"]
[Source "ChessBase"]
[SourceDate "2015.10.08"]
[SourceVersion "1"]
[SourceVersionDate "2015.10.08"]
[SourceQuality "1"]

1. d4 d5 2. c4 dxc4 3. Nf3 Nf6 4. e3 e6 5. Bxc4 c5 6. 0-0 a6 7. Qe2 b5 8. Bb3 Bb7 9. Rd1 Nbd7 10. Nc3 Qb6 11. e4 1/2-1/2

[Event "VIE-ch U15 Girls"]
[Site "Ho Chi Minh City"]
[Date "2014.07.13"]
[Round "1"]
[White "Cao, Minh Trang"]
[Black "Huynh, Doan Minh Ngoc"]
[Result "1-0"]
[WhiteElo "1713"]
[BlackElo "1900"]
[PlyCount "96"]
[EventDate "2014.07.13"]
[EventType "swiss"]
[EventRounds "9"]
[EventCountry "VIE"]
[SourceTitle "EXT 2016"]
[Source "ChessBase"]
[SourceDate "2015.10.08"]
[SourceVersion "1"]
[SourceVersionDate "2015.10.08"]
[SourceQuality "1"]

1. d4 d5 2. c4 c6 3. Nf3 Nf6 4. cxd5 cxd5 5. Bf4 a6 6. Nc3 b5 7. e3 e6 8. Bd3 Bb7 9. 0-0 Be7 10. Rc1 0-0 11. h3 Nc6 12. Qe2 Qd7 13. Rfd1 Rfc8 14. Bg3 h6 15. Nd2 Ne8 16. Nb3 Ra7 17. Bb1 Nf6 18. f4 Bf8 19. Qf3 Kh8 20. f5 Be7 21. fxe6 fxe6 22. Qe2 Qe8 23. e4 dxe4 24. Nxe4 Nxe4 25. Qxe4 Qg8 26. Rf1 Bg5 27. Rc3 Ne7 28. Rxc8 Nxc8 29. Qd3 Ne7 30. Rf8 Nf5 31. Rxg8+ Kxg8 32. Nc5 Bd5 33. Bf2 Ra8 34. b3 Bf6 35. g4 Ne7 36. Qh7+ Kf8 37. Be4 Ra7 38. Qh8+ Kf7 39. Bxd5 Nxd5 40. Qc8 Nc7 41. Qb8 Ra8 42. Qxc7+ Ke8 43. Nxe6 Bd8 44. Qc6+ Ke7 45. Qxa8 Kxe6 46. d5+ Kd7 47. Bc5 Bc7 48. Qf8 g5 1-0

[Event "VIE-ch U15 Girls"]
[Site "Ho Chi Minh City"]
[Date "2014.07.13"]
[Round "2"]
[White "Dong, Khanh Linh"]
[Black "Cao, Minh Trang"]
[Result "0-1"]
[WhiteElo "1904"]
[BlackElo "1713"]
[PlyCount "62"]
[EventDate "2014.07.13"]
[EventType "swiss"]
[EventRounds "9"]
[EventCountry "VIE"]
[SourceTitle "EXT 2016"]
[Source "ChessBase"]
[SourceDate "2015.10.08"]
[SourceVersion "1"]
[SourceVersionDate "2015.10.08"]
[SourceQuality "1"]

1. d4 d5 2. c4 dxc4 3. Nc3 e5 4. d5 c6 5. e4 Nf6 6. Bxc4 Bb4 7. Bg5 Bxc3+ 8. bxc3 Qa5 9. Qd3 Nxe4 10. Bd2 Nxd2 11. Qxd2 cxd5 12. Bxd5 0-0 13. Nf3 Nd7 14. 0-0 Nf6 15. Bb3 b6 16. Qd6 Ba6 17. Rfc1 e4 18. Ne5 Rae8 19. Nc6 Qg5 20. Nxa7 e3 21. f3 Bb7 22. Qg3 Qa5 23. Re1 Qxa7 24. Qf4 b5 25. Re2 Bd5 26. Rae1 Bxb3 27. axb3 Nd5 28. Qg5 Nxc3 29. Rc2 e2+ 30. Kh1 Qf2 31. Qc1 Nd1 0-1

[Event "VIE-chT (Women)"]
[Site "Bac Giang"]
[Date "2013.08.15"]
[Round "3"]
[White "Le Thi Thu, Huong"]
[Black "Cao, Minh Trang"]
[Result "1/2-1/2"]
[WhiteElo "2034"]
[BlackElo "1690"]
[PlyCount "97"]
[EventDate "2013.08.14"]
[EventType "team-swiss"]
[EventRounds "11"]
[EventCountry "VIE"]
[SourceTitle "CBM 156 Extra"]
[Source "ChessBase"]
[SourceDate "2013.10.22"]
[SourceVersion "1"]
[SourceVersionDate "2013.10.22"]
[SourceQuality "1"]

1. d4 d5 2. Nf3 Nf6 3. e3 Bg4 4. Bd3 e6 5. Nbd2 c5 6. b3 Nc6 7. Bb2 Bd6 8. Be2 Rc8 9. 0-0 0-0 10. Ne5 Bf5 11. a3 Nd7 12. f4 cxd4 13. exd4 Ncxe5 14. fxe5 Bxc2 15. Qe1 Be7 16. Rf3 Bh4 17. Qf1 Qb6 18. Kh1 Bg5 19. Bb5 Nxe5 20. dxe5 Bxd2 21. a4 Be4 22. Rg3 a6 23. Bd3 Bg6 24. Qe2 Bh6 25. Qg4 Bxd3 26. Rxd3 Qf2 27. Ba3 Bc1 28. Rd1 Bxa3 29. Rxa3 Qb2 30. Raa1 Qxe5 31. Rf1 Qe4 32. Rf4 Qg6 33. Qf3 Qh6 34. Rf1 Rc7 35. h3 e5 36. Rf5 Qe6 37. Qg3 f6 38. Rh5 d4 39. Qd3 g6 40. Rh6 Kg7 41. Rh4 Rc3 42. Qd2 Re3 43. b4 Qb3 44. Rc1 Rf7 45. a5 Qd3 46. Qa2 Re2 47. Rxh7+ Kxh7 48. Qxf7+ Kh6 49. Qxf6 1/2-1/2

[Event "VIE-chT (Women)"]
[Site "Bac Giang"]
[Date "2013.08.14"]
[Round "1"]
[White "Hoang, Xuan Thanh Khiet"]
[Black "Cao, Minh Trang"]
[Result "1-0"]
[WhiteElo "2112"]
[BlackElo "1690"]
[PlyCount "43"]
[EventDate "2013.08.14"]
[EventType "team-swiss"]
[EventRounds "11"]
[EventCountry "VIE"]
[SourceTitle "CBM 156 Extra"]
[Source "ChessBase"]
[SourceDate "2013.10.22"]
[SourceVersion "1"]
[SourceVersionDate "2013.10.22"]
[SourceQuality "1"]

1. e4 e6 2. d4 d5 3. exd5 exd5 4. Bd3 Bd6 5. Nf3 Ne7 6. 0-0 Bg4 7. c3 Nd7 8. Bg5 h6 9. Bh4 0-0 10. Nbd2 c5 11. dxc5 Nxc5 12. Nb3 Ne4 13. Nbd4 a6 14. Re1 f5 15. Ne6 Qb6 16. Nxf8 g5 17. Nd7 Qc7 18. Bxe4 Qxd7 19. Bxd5+ Kf8 20. Be6 Qc6 21. Qd4 Ng8 22. Qh8 1-0

[Event "VIE-ch U13 Girls"]
[Site "Da Lat"]
[Date "2013.07.??"]
[Round "5"]
[White "Cao, Minh Trang"]
[Black "Le Thi Nhu, Quynh"]
[Result "1-0"]
[WhiteElo "1690"]
[BlackElo "1976"]
[PlyCount "65"]
[EventDate "2013.07.13"]
[EventType "swiss"]
[EventRounds "9"]
[EventCountry "VIE"]
[SourceTitle "EXT 2014"]
[Source "ChessBase"]
[SourceDate "2013.11.20"]
[SourceVersion "1"]
[SourceVersionDate "2013.11.20"]
[SourceQuality "1"]

1. d4 d5 2. c4 e6 3. Nc3 c6 4. e3 Bd6 5. Nf3 f5 6. Bd3 Nf6 7. b3 Ne4 8. Bb2 Bb4 9. Bxe4 fxe4 10. Ne5 0-0 11. 0-0 Bxc3 12. Bxc3 Nd7 13. Nxd7 Bxd7 14. f3 Qg5 15. f4 Qh4 16. Qe2 Be8 17. Be1 Qh6 18. h3 Bh5 19. g4 Be8 20. Kh2 g5 21. Bg3 Bd7 22. fxg5 Qxg5 23. Bd6 Rxf1 24. Rxf1 b5 25. c5 a5 26. Qf2 Qg6 27. Qh4 a4 28. Rf6 Qg7 29. Be5 Re8 30. Rf2 Qg6 31. Rf6 Qg7 32. Rh6 Qe7 33. Rg6+ 1-0

[Event "VIE-ch U13 Girls"]
[Site "Da Lat"]
[Date "2013.07.??"]
[Round "7"]
[White "Cao, Minh Trang"]
[Black "Pham Hoang Nhat, Anh"]
[Result "1-0"]
[WhiteElo "1690"]
[BlackElo "1513"]
[PlyCount "63"]
[EventDate "2013.07.13"]
[EventType "swiss"]
[EventRounds "9"]
[EventCountry "VIE"]
[SourceTitle "EXT 2014"]
[Source "ChessBase"]
[SourceDate "2013.11.20"]
[SourceVersion "1"]
[SourceVersionDate "2013.11.20"]
[SourceQuality "1"]

1. d4 d6 2. c4 Nf6 3. Nc3 g6 4. e4 Bg7 5. Bd3 0-0 6. Nge2 Nc6 7. 0-0 Bd7 8. a3 Re8 9. h3 a6 10. Be3 e6 11. f4 Ne7 12. Ng3 Kh8 13. Qd2 c6 14. e5 Nfg8 15. exd6 Nf5 16. Nxf5 exf5 17. c5 Rb8 18. Bc4 Nh6 19. d5 Qh4 20. Bf2 Qf6 21. Rac1 Rbd8 22. b4 Kg8 23. Rfd1 Kh8 24. dxc6 Bxc6 25. Nd5 Qb2 26. Rc2 Qxa3 27. Ra2 Qxa2 28. Bxa2 Bb5 29. Bd4 Re2 30. Bxg7+ Kxg7 31. Qd4+ Kg8 32. Nf6+ 1-0